| 000 | 00693nam a2200229 a 4500 | ||
|---|---|---|---|
| 005 | 20240809063807.0 | ||
| 008 | 140820s2010 mx r 000 0 spa d | ||
| 020 | _a9786074695663 (SEP) | ||
| 020 | _a9788415164203 (Nova Galicia) | ||
| 035 | _aUPN01000198948 | ||
| 049 | _aI | ||
| 050 | 4 |
_aRA784 _bP6.2 |
|
| 100 | 1 |
_aPousa Estévez, Lorenzo _936112 |
|
| 245 | 1 | 0 |
_aAlimentación sana / _cLorenzo Pousa Estévez. |
| 260 |
_aMéxico : _bSEP : _bNova Galicia, _c2010. |
||
| 300 |
_a53 p. : _bil. col. |
||
| 440 | 0 |
_aLibro del rincón. _pAstrolabio |
|
| 650 | 4 |
_aNutrición _92193 |
|
| 650 | 0 |
_aNiños _xSalud e Higiene _vLiteratura juvenil _922623 |
|
| 905 | _aInfantil | ||
| 999 |
_c171049 _d171049 |
||